| 000 | 00390 a2200169 4500 | ||
|---|---|---|---|
| 001 | 70090 | ||
| 020 | _a8508094671 | ||
| 040 | _cAnchieta - Itaigara | ||
| 100 | _aPenteado, Maria Heloísa | ||
| 240 | 1 | 0 |
_aRabiscou? o bicho pegou! _lpor |
| 245 | 1 | 0 | _aRabiscou? o bicho pegou! |
| 300 | _a134 | ||
| 362 | 0 | _a2005 | |
| 440 | 1 | _aÁtica | |
| 650 | 4 | _aLiteratura infanto-juvenil | |
| 942 | _cBK | ||
| 999 |
_c70090 _d70090 |
||